000 01099nam a2200301Ia 4500
003 GCL
008 140319s9999 xx 000 0 ara d
020 _a7485433977
040 _aGCL /
_cGCL
082 0 4 _a658.045
_bط ح
100 1 _aطارق عبدالعال حماد
245 1 0 _aحوكمة الشركات :
_bالمفاهيم - المبادئ - التجارب : تطبيقات الحوكمة فى المصارف /
_cطارق عبدالعال حماد
260 _aالقاهرة :
_bالدار الجامعية ،
_c2005
300 _a819 ص ؛
_c24 سم
650 0 4 _aالاستثمار
650 0 4 _aالشركات
650 0 4 _aشركات القطاع العام
650 0 4 _aالشركات المساهمة
650 0 4 _aالائتمان
650 0 4 _aالسيولة النقدية
650 0 4 _aالخسائر
650 0 4 _aالشركات - تنظيم و ادارة
650 0 4 _aالشركات - المخالفات
650 0 4 _aحوكمة الشركات
650 0 4 _aالحماية المصرفية
650 0 4 _aالخسائر - تسوية
942 _2ddc
_cBK
999 _c8163
_d8163